Statistiques concernant Equipe de France - Les buteurs en Coupe du Monde

Cliquez ici pour prendre le quiz!

Statistiques générales

  • Ce quiz a été pris 124 fois
  • Le résultat moyen est 29 sur 60

Statistiques - réponses

PosteCoupe du MondeNbr de butNom% Correct
Attaquant2014 - 20225Olivier Giroud
100%
Attaquant2018 - 202212Kylian Mbappé
99%
Milieu1998 - 20064Zinedine Zidane
97%
Attaquant20184Antoine Griezmann
96%
Attaquant1998 - 20066Thierry Henry
95%
Attaquant195813Just Fontaine
94%
Attaquant20143Karim Benzema
94%
Milieu1978 - 1982 - 19865Michel Platini
93%
Défenseur20181Samuel Umtiti
89%
Défenseur19982Lilian Thuram
88%
Milieu2014 - 20182Paul Pogba
88%
Défenseur20181Raphael Varane
87%
Défenseur19981Laurent Blanc
84%
Défenseur20221Théo Hernandez
83%
Défenseur20181Benjamin Pavard
82%
Milieu19982Emmanuel Petit
80%
Attaquant20221Randal Kolo Muani
78%
Attaquant19981David Trezeguet
76%
Milieu20221Aurélien Tchouaméni
74%
Attaquant20061Franck Ribery
73%
Défenseur19981Bixente Lizarazu
71%
Milieu20141Blaise Matuidi
71%
Attaquant1954 - 19584Raymond Kopa
71%
Milieu20221Adrien Rabiot
68%
Milieu20062Patrick Vieira
68%
Milieu19981Youri Djorkaeff
63%
Attaquant19981Christophe Dugarry
58%
Milieu20141Mathieu Valbuena
57%
Attaquant19862Jean-Pierre Papin
54%
Milieu19823Alain Giresse
52%
Défenseur19821Marius Trésor
47%
Milieu20141Moussa Sissoko
43%
Milieu19861Jean Tigana
41%
Attaquant1978 - 1982 - 19864Dominique Rocheteau
38%
Milieu19861Luis Fernandez
37%
Attaquant19822Didier Six
35%
Défenseur19861Manuel Amoros
29%
Attaquant19781Bernard Lacombe
28%
Défenseur19821Maxime Bossis
22%
Milieu19823Bernard Genghini
21%
Attaquant19583Roger Piantoni
20%
Attaquant19862Yannick Stopyra
20%
Attaquant1954 - 19582Jean Vincent
16%
Milieu19861Jean-Marc Ferreri
13%
Attaquant1934 - 19383Jean Nicolas
13%
Attaquant19301Lucien Laurent
13%
Attaquant19821Gérard Soler
11%
Milieu19821René Girard
11%
Défenseur19781Christian Lopez
8%
Attaquant19781Marc Berdoll
6%
Attaquant19821Alain Couriol
5%
Attaquant19582Maryan Wisniewski
4%
Attaquant19381Emile Veinante
3%
Milieu19341Georges Verriest
3%
Attaquant19661Gérard Hausser
3%
Attaquant19381Oscar Heisserer
3%
Attaquant19581Yvon Douis
3%
Attaquant19302André Maschinot
2%
Attaquant19661Hector De Bourgoing
2%
Attaquant19301Marcel Langiller
2%

Distribution des résultats

Percentile par nombre de réponses

% des personnes avec chaque résultat

Votre développement - résultats

Vous n’avez pas pris ce quiz